Tin hoc dùng cho học sinh tiểu học Q.1

Đã lưu trong:
书目详细资料
主要作者: Nguyễn, Xuân Huy
其他作者: Trần Thị Thu Hà
格式: 图书
语言:Undetermined
出版: H. Giáo dục 1998
主题:
在线阅读:http://lrc.tdmu.edu.vn/opac/search/detail.asp?aID=2&ID=7113
标签: 添加标签
没有标签, 成为第一个标记此记录!
Thư viện lưu trữ: Trung tâm Học liệu Trường Đại học Thủ Dầu Một
LEADER 00648nam a2200217Ia 4500
001 TDMU_7113
008 210410s9999 xx 000 0 und d
082 |a 372.34 
090 |b NG527 
100 |a Nguyễn, Xuân Huy 
245 0 |a Tin hoc dùng cho học sinh tiểu học 
245 0 |c Nguyễn Xuân Huy 
245 0 |n Q.1 
260 |a H. 
260 |b Giáo dục 
260 |c 1998 
300 |a 143tr 
650 |a Sách giáo khoa; Tin học 
700 |a Trần Thị Thu Hà 
856 |u http://lrc.tdmu.edu.vn/opac/search/detail.asp?aID=2&ID=7113 
980 |a Trung tâm Học liệu Trường Đại học Thủ Dầu Một